Structural Health Monitoring Using Statistical Pattern Recognition - part 1, part 2 : A 3-Day Short Course. July 3-5, 2016. Bilbao, Spain

Gespeichert in:
Bibliographische Detailangaben
Format: Buch
Sprache:Englisch
Veröffentlicht: Bilbao : UPV/EHU Conference center, 2016
Tags: Tag hinzufügen
Keine Tags, Fügen Sie das erste Tag hinzu!

MARC

LEADER 00000nam a22000003a 4500
001 0015921
003 SK-STU
005 20160713100215.2
007 ta
008 160713s ----xo-----e------000-0-----d
040 |a STU  |b slo 
041 0 |a eng 
044 |a sp 
245 1 0 |a Structural Health Monitoring Using Statistical Pattern Recognition - part 1, part 2 :  |b A 3-Day Short Course. July 3-5, 2016. Bilbao, Spain 
260 |a Bilbao :  |b UPV/EHU Conference center,  |c 2016 
996 |c V* 2357/sc-16  |l VV14  |s P  |a 0  |w 0015921_0001